000 00687nam a2200289Ia 4500
005 20260324140814.0
008 008 260324s9999 xx 000 0 eng d
020 _a9781315790541
037 _aEBOOK
040 _aCRL
040 _beng
040 _cCRL
041 _2eng
041 _aeng
084 _qCRL
100 _aJames V. Fenelon
_91150031
245 0 _aCulturicide, Resistance, and Survival of the Lakota
245 0 _b(Sioux Nation)
260 _bTaylor and Francis
260 _c1998
365 _a
365 _b300
856 _uhttp://www.taylorfrancis.com/books/9781315790541
942 _cEBOOK
999 _c1808234
_d1808234